000 00499nam a2200181 i 4500
001 103716
003 ES-MaACL
005 20230906183430.0
007 t|
008 051117s1952 fr |||| | fre d
100 1 _aMerleau-Ponty, Maurice.
_980571
245 1 0 _aPhénoménologíe de la perception /
_cpar M. Merleau-Ponty.
250 _a13ª ed.
260 _aParis :
_bGallimard,
_c1952.
300 _aXVI, 10-531 p. ;
_c23 cm.
650 0 4 _aPercepción.
_915929
852 _aES-MaACL
_jC-9082
999 _c103716
_d103716